00760nai a2200181Ia 4500003000900000008004100009022002200050022002300072040001600095245010300111260008600214310001300300362003400313521006900347650004500416650002400461856009300485IN-BaIIA211028c9999 xx s 000 0 eng d a0277-6278 (Print) a2374-9822 (Online) cIIA Library 0aTransactions of the Institute of Radio Engineers Professional Group on Nuclear Scienceh[eJournal] aNew York, USAbThe Institute of Electrical and Electronics Engineers, Inc. (IEEE) aAnnually aNS-1(1); 1954 - NS-1(1); 1954 bSubscribed through National Knowledge Resource Consortium (NKRC) a Power, Energy and Industry Applications aNuclear Engineering uhttps://ieeexplore.ieee.org/servlet/opac?punumber=6449343yClick Here to Access eJournal